Statistiques concernant N'oubliez pas les paroles édition Disney

Cliquez ici pour prendre le quiz!

Statistiques générales

  • Ce quiz a été pris 826 fois
  • Le résultat moyen est 6 sur 15

Statistiques - réponses

Film DisneyPhrase à trousRéponse% Correct
Le Livre de
la Jungle
Un peu d'eau fraiche et de verdure
que ___________
nous prodigue la nature
70%
AladdinSous le ciel de cristal je ________me sens si légère
64%
MulanSois plus ardent que __________le feu des volcans
63%
Le Roi LionLe roi n'a que faire des ________conseils d'une vieille corneille
57%
PocahontasMoi je sais que la pierre, l'oiseau et les
fleurs __________________________
ont une vie, ont un esprit et un coeur
53%
La belle au
Bois Dormant
Mon amour je t'ai _______________vu au beau milieu d'un rêve
46%
La Reine des
Neiges
Je vais fêter ce renouveau _______dans ma robe de satin
35%
Les AristochatsDo-mi-sol-do-do-sol-mi dont le vrai
musicien ______________________
répète avec ardeur
32%
VaianaJe suis un demi Dieu très ______ordinaire
29%
La petite SirèneTu vois l'esturgeon et la raie ______se sont lancés dans le reggae
24%
HerculeT'as le coeur trop fragile _________évite les idylles
23%
MulanJe vais faire de toi cochonette _____le plus pur des saphirs
20%
CendrillonC'est de la magie _______________ou je ne m'y connais pas
16%
TarzanLaisse ton coeur, _________ guider
toutes ces vies !
et le destin
12%
Alice au Pays
des Merveilles
Peignons ces roses en rouge, ________
des rouges !
du plus éclatant
9%

Distribution des résultats

Percentile par nombre de réponses

% des personnes avec chaque résultat

Votre développement - résultats

Vous n’avez pas pris ce quiz